000 01073cam a2200217 i 4500
999 _c13696
_d13696
020 _a9781455520688
082 0 0 _aFic Sp263 2017
100 1 _aSparks, Nicholas.
245 1 0 _aTwo by two /
_cby Nicholas Sparks.
250 _aFirst trade paperback edition.
260 _aNew York :
_bGrand Central Publishing,
_cc2017.
300 _a493 pages ;
_c21 cm
337 _aunmediated
_bn
520 _aRussell Green has it all: a stunning wife, a lovable six year-old daughter, a successful career, and an expansive home. But underneath the surface of this perfect existence, fault lines are beginning to appear. In a matter of months, Russ finds himself without a job or wife. Throwing himself into the wilderness of single parenting, Russ embarks on a journey at once terrifying and rewarding, testing his abilities and his emotional resources beyond anything he ever imagined.
526 _aFICTION
650 0 _aSingle fathers--Fiction.
650 0 _aFathers and daughters--Fiction.
650 7 _aDomestic fiction.
650 7 _aRomance fiction.
942 _2ddc
_cBK